| 000 | 01081cam a2200289 i 4500 | ||
|---|---|---|---|
| 001 | 000001570 | ||
| 003 | DO-SdBNP | ||
| 005 | 20240613092528.0 | ||
| 006 | a||||gr|||| 00| 0 | ||
| 007 | ta | ||
| 008 | 780607s1974 mx b 001 0 spa | ||
| 040 |
_aDO-SdBNP _bspa _cBNPHU _erda |
||
| 082 | 4 |
_a320.97293 _bG984e _222 |
|
| 100 | 1 |
_aGutiérrez, Carlos María, _d1926- _95133 _eautor |
|
| 245 | 1 | 3 |
_aEl experimento dominicano / _cCarlos María Gutierrez. |
| 264 |
_aMéxico : _bDiógenes, _c1974. |
||
| 300 |
_a205 páginas ; _c18 cm. |
||
| 336 |
_2rdacontent _atexto _btxt |
||
| 337 |
_2rdamedia _asin mediación _bn |
||
| 338 |
_2rdacarrier _avolumen _bnc |
||
| 500 | _a"En su mayoria, los capítulo están tomados de crónicas escritas durante una visita a la República Dominicana, entre abril y mayo de 1971." | ||
| 504 | _aIncluye bibliografía: páginas 204-205. | ||
| 590 | _aInventariado, 2024 / MF | ||
| 651 | 4 |
_aRepública Dominicana _xPolítica y Gobierno _y1961- _xEnsayos, Conferencias, etc. _92597 |
|
| 910 | _aValidado. Control de calidad MMOLINA | ||
| 942 |
_2ddc _cLBS1 |
||
| 999 |
_c1467 _d1467 |
||